1873 1512 1719 1230 1786 1280 1980 1708 1423 1432 1005 1799 1601 1544 1637 1127 1065 1534 1532 1328 1210 1760 1266 1004 1266 1301 1208 1003 1856 1914 1485 1000 1680 1334 1299 1529 1269 1700 1756 1224 1142 1295 1625 1160 1846 1972 1114 1882 1506 1005 1877 1315 1824 1682 1721 1602 1431 1213 1195 1535 1447 1372 1478 1355 1470 1791 1896 1494 1121 1298 1081 1705 1797 1568 1291 1033 1610 1299 1660 1072 1015 1477 1969 1631 1146 1932 1830 1740 1554 1619 1410 1584 1057 1107 1538 1848 1042 1465 1295 BCNSPRNW ULIB Ver.6.0+V

เปลี่ยนเป็นภาษาไทย

Change to English
 แสดงรายละเอียดบรรณานุกรม
  กลับหน้าหลัก

Brief Record : Get Marc (ISO 2709) : E-mail record : QR code < ปิดหน้าต่าง
LEADER : 00000nam 2200000uu 4500
001    13399126322
003     ULIB
008    180906s2560||||th 000 0 tha d
020    ^a9786168122020
060 04 ^aWX218^bด764T
100 0  ^aดุสิต สถาวร
245 04 ^aThe Best ICU /^bดุสิต สถาวร
250    ^aพิมพ์ครั้งที่ 1
260    ^aกรุงเทพฯ :^bสมาคมเวชบำบัดวิกฤตแห่งประเทศไทย,^c2560
300    ^a770 หน้า :^bภาพประกอบ ;^c27 ซม.
650  4 ^aผู้ป่วยหนัก, การดูแล
650  4 ^aผู้ป่วยหนัก^xการรักษา
653    ^aผลงานอาจารย์คณะแพทยศาสตร์ศิริราชพยาบาล
700 0  ^aดุสิต สถาวร,^eบรรณาธิการ
700 0  ^aครรชิต ปิยะเวชวิรัตน์,^eบรรณาธิการ
700 0  ^aสหดล ปุญญถาวร,^eบรรณาธิการ
710 2  ^aสมาคมเวชบำบัดวิกฤตแห่งประเทศไทย
945    ^p800^l0^i26547
945    ^p800^l0^i26548
999    ^aกัณชพร จุลอักษร
รายการนี้ยังไม่มีแท็ก
คุณยังไม่ได้ล็อกอิน คุณสามารถมีกิจกรรมร่วมกับเว็บไซต์ได้ แต่ต้องล็อกอินก่อน ::
  ล็อกอิน

รายการสื่อสารสนเทศ

ลำดับที่ ประเภท เลขเรียก/บาร์โค้ด สถานที่ สถานะ
1. หนังสือสำรอง
หนังสือสำรอง
WX218 ด764T ฉ.1 
  Barcode: 26547
ห้องสมุดวิทยาเขตนครสวรรค์
►หนังสือทั่วไป:l:General Books
บนชั้น
2. วิทยาศาสตร์การแพทย์ และสุขภาพ
วิทยาศาสตร์การแพทย์ และสุขภาพ
WX218 ด764T ฉ.2 
  Barcode: 26548
ห้องสมุดวิทยาเขตนครสวรรค์
►หนังสือทั่วไป:l:General Books
บนชั้น

รายการใกล้เคียง
    ผู้แต่ง [ดุสิต สถาวร]

    หัวเรื่อง [ผู้ป่วยหนัก, การดูแล]

BibComment


ยังไม่เคยถูกคอมเมนท์

คอมเมนท์ทรัพยากรรายการนี้
  คอมเมนท์: The Best ICU ดุ..


 Copyright 2026. Bcnsprnw @Library